Falsafa-I-Ajam (Record no. 3657)

MARC details
000 -LEADER
fixed length control field 00619nam a2200241 a 4500
020 ## - INTERNATIONAL STANDARD BOOK NUMBER
ISBN
082 00 - DEWEY DECIMAL CLASSIFICATION NUMBER
Classification number 922.97
Author Cutter IQB
100 ## - MAIN ENTRY--AUTHOR NAME
Author name Iqbal, S S Muhammad
245 ## - TITLE STATEMENT
Title Falsafa-I-Ajam
260 ## - PUBLICATION, DISTRIBUTION, ETC. (IMPRINT)
Place of publication Hyderabad
Name of publisher Markazi Anjuman Taleemus Salat
Year of publication 1956
300 ## - PHYSICAL DESCRIPTION
Number of Pages 184p
500 ## - GENERAL NOTE
General note includes index and biblioraphy
505 2# - FORMATTED CONTENTS NOTE
Formatted contents note Christian Students` Library No.29
650 ## - SUBJECT ADDED ENTRY--TOPICAL TERM
Topical Term Iqbal Muhammad-Works
942 ## - ADDED ENTRY ELEMENTS (KOHA)
Koha item type Books
700 1# -
-- Iqbal, S S Muhammad
Holdings
Collection code Home library Current library Date acquired Cost, normal purchase price Full call number Accession Number Koha item type
  Henry Martyn Institute Library Henry Martyn Institute Library 06/06/2007 100.00 922.97 IQB 08528 Books
                   Copyright © 2026 | Henry Martyn Institute | Hyderabad | TS-500052 | INDIA | Implemented by hmi.edu.in
Hit-Count:

Powered by Koha